| 000 | 00643nam a2200217Ia 4500 | ||
|---|---|---|---|
| 001 | 8916 | ||
| 003 | AR-BaAGN | ||
| 005 | 20240118103353.0 | ||
| 007 | ta | ||
| 008 | 211213s1943 ag |||||||||||||| ||spa d | ||
| 040 |
_dAR-BaAGN _aAR-BaAGN _bspa _eaacr |
||
| 100 | _aSarobe, José María | ||
| 245 | 1 | 0 |
_aEl juego grave problema nacional : _bdos opiniones y un proyecto de ley _cJosé María Sarobe ; Palacios, Alfredo L. |
| 260 |
_aBuenos Aires : _bN. Sosa, _c1943. |
||
| 300 | _a30 páginas | ||
| 336 |
_2rdacontent _btxt |
||
| 337 |
_2rdamedia _bn |
||
| 338 |
_2rdacarrier _bnc |
||
| 700 | 1 |
_aPalacios, Alfredo, _d1880-1965 _95235 |
|
| 942 | _cLIBRO | ||
| 999 |
_c8916 _d8916 |
||